Синхронный вывод с.в.ч.-энергии из двух резонаторов через волноводный мост; Приборы и техника эксперимента; № 2
| Parent link: | Приборы и техника эксперимента.— , 1956- № 2.— 2013.— [С. 58] |
|---|---|
| Altres autors: | , , , , , , |
| Sumari: | Заглавие с экрана Представлены результаты экспериментального исследования системы резонансной компрессии с.в.ч.-импульсов в 10-см диапазоне длин волн, включающей два многомодовых резонатора для накопления высокочастотной энергии и волноводный мост для быстрого и синхронного вывода энергии. При питании от магнетронного генератора, имеющего мощность излучения 5 МВт и длительность импульсов 4 мкс, в такой системе компрессии были получены с.в.ч.-импульсы с выходной мощностью 0.8 ГВт при длительности 5 нс и частоте следования до 100 Гц Режим доступа: по договору с организацией-держателем ресурса |
| Idioma: | rus |
| Publicat: |
2013
|
| Matèries: | |
| Accés en línia: | http://elibrary.ru/item.asp?id=18822160 |
| Format: | MixedMaterials Electrònic Capítol de llibre |
| KOHA link: | https://koha.lib.tpu.ru/cgi-bin/koha/opac-detail.pl?biblionumber=637255 |
MARC
| LEADER | 00000nla0a2200000 4500 | ||
|---|---|---|---|
| 001 | 637255 | ||
| 005 | 20250416094306.0 | ||
| 035 | |a (RuTPU)RU\TPU\network\1353 | ||
| 090 | |a 637255 | ||
| 100 | |a 20140611d2013 k||y0rusy50 ca | ||
| 101 | 0 | |a rus | |
| 102 | |a RU | ||
| 135 | |a drgn ---uucaa | ||
| 181 | 0 | |a i | |
| 182 | 0 | |a b | |
| 200 | 1 | |a Синхронный вывод с.в.ч.-энергии из двух резонаторов через волноводный мост |f В. А. Августинович [и др.] | |
| 203 | |a Текст |c электронный | ||
| 300 | |a Заглавие с экрана | ||
| 330 | |a Представлены результаты экспериментального исследования системы резонансной компрессии с.в.ч.-импульсов в 10-см диапазоне длин волн, включающей два многомодовых резонатора для накопления высокочастотной энергии и волноводный мост для быстрого и синхронного вывода энергии. При питании от магнетронного генератора, имеющего мощность излучения 5 МВт и длительность импульсов 4 мкс, в такой системе компрессии были получены с.в.ч.-импульсы с выходной мощностью 0.8 ГВт при длительности 5 нс и частоте следования до 100 Гц | ||
| 333 | |a Режим доступа: по договору с организацией-держателем ресурса | ||
| 461 | |t Приборы и техника эксперимента |d 1956- | ||
| 463 | |t № 2 |v [С. 58] |d 2013 | ||
| 610 | 1 | |a электронный ресурс | |
| 610 | 1 | |a труды учёных ТПУ | |
| 610 | 1 | |a резонансная компрессия | |
| 610 | 1 | |a волноводные мосты | |
| 610 | 1 | |a вывод | |
| 610 | 1 | |a энергия | |
| 610 | 1 | |a СВЧ-техника | |
| 701 | 1 | |a Августинович |b В. А. |c радиофизик |c ведущий инженер Томского политехнического университета |f 1941- |g Владимир Андреевич |3 (RuTPU)RU\TPU\pers\26482 |9 12184 | |
| 701 | 1 | |a Арбузов |b А. Ю. |c специалист в области электроники |c инженер Томского политехнического университета |f 1986- |g Андрей Юрьевич |9 16391 | |
| 701 | 1 | |a Артеменко |b С. Н. |c физик |c ведущий научный сотрудник Томского политехнического университета, доктор физико-математических наук |f 1951- |g Сергей Николаевич |3 (RuTPU)RU\TPU\pers\25663 |9 11574 | |
| 701 | 1 | |a Жуков |b А. А. | |
| 701 | 1 | |a Каминский |b В. Л. |c физик |c заведующий лабораторией Томского политехнического университета |f 1942- |g Валерий Людвигович |3 (RuTPU)RU\TPU\pers\31792 |9 15903 | |
| 701 | 1 | |a Новиков |b С. А. |c специалист в области электротехники |c профессор Томского политехнического университета, доктор физико-математических наук |f 1949- |g Сергей Автономович |3 (RuTPU)RU\TPU\pers\25683 |9 11594 | |
| 701 | 1 | |a Юшков |b Ю. Г. |c электрофизик |c профессор Томского политехнического университета, доктор технических наук |f 1937- |g Юрий Георгиевич |3 (RuTPU)RU\TPU\pers\22023 |9 9320 | |
| 801 | 2 | |a RU |b 63413507 |c 20171018 |g RCR | |
| 850 | |a 63413507 | ||
| 856 | 4 | |u http://elibrary.ru/item.asp?id=18822160 | |
| 942 | |c CF | ||